Statistiques concernant Culture générale des villes 3

Cliquez ici pour prendre le quiz!

Statistiques générales

  • Ce quiz a été pris 70 fois
  • Le résultat moyen est 59 sur 90

Statistiques - réponses

QuestionTuileSelect% Correct
Cliquez sur les villes Marocaines.RabatOui
100%
Cliquez sur les villes Marocaines.CadixNon
98%
Cliquez sur les villes Marocaines.OranNon
95%
Cliquez sur les villes Marocaines.SfaxNon
92%
Cliquez sur les villes Marocaines.ConstantineNon
91%
Cliquez sur les capitales Africaines.AlexandrieNon
88%
Cliquez sur les capitales Africaines.DakarOui
88%
Cliquez sur les villes Marocaines.FésOui
88%
Cliquez sur les villes Marocaines.TangerOui
88%
Cliquez sur la ville la plus a l'Ouest.AngersNon
86%
Cliquez sur la ville la plus a l'Ouest.AngersNon
86%
Cliquez sur les capitales Africaines.BamakoOui
86%
Cliquez sur la ville la plus a l'Ouest.Le MansNon
86%
Cliquez sur la ville la plus a l'Ouest.PauNon
86%
Cliquez sur la ville la plus a l'Ouest.BordeauxNon
84%
Cliquez sur les capitales Africaines.CasablancaNon
84%
Cliquez sur les villes d'Australie.LeedsNon
84%
Cliquez sur les agglomérations plus peuplées que celle de New-York.BombayOui
81%
Cliquez sur les villes Hollandaises.EindhovenOui
81%
Cliquez sur les agglomérations plus peuplées que celle de New-York.JakartaOui
81%
Cliquez sur les villes d'Australie.AdélaideOui
80%
Cliquez sur les agglomérations plus peuplées que celle de New-York.MoscouNon
80%
Cliquez sur les villes d'Australie.PerthOui
80%
Cliquez sur les villes Hollandaises.UtrechtOui
80%
Cliquez sur la ville la plus a l'Ouest.RennesNon
78%
Cliquez sur les villes ayant accueilli une finale de coupe du monde de football.RomeOui
78%
Cliquez sur les villes Hollandaises.TrierNon
78%
Cliquez sur les logos de football des villes Anglaises.Oui
77%
Cliquez sur les logos de football des villes Anglaises.Non
77%
Cliquez sur les logos de football des villes Anglaises.Non
77%
Cliquez sur les logos de football des villes Anglaises.Non
77%
Cliquez sur les logos de football des villes Anglaises.Non
77%
Cliquez sur les villes d'Australie.WellingtonNon
77%
Cliquez sur les logos de football des villes Anglaises.Non
75%
Cliquez sur les capitales Africaines.LoméOui
75%
Cliquez sur les villes Hollandaises.HasseltNon
73%
Cliquez sur les villes bordant la mer Adriatique.VeniceOui
73%
Cliquez sur les logos de football des villes Anglaises.Oui
72%
Cliquez sur la ville la plus a l'Ouest.La rochelleNon
72%
Cliquez sur la ville la plus a l'Ouest.NantesNon
72%
Cliquez sur les villes Hollandaises.AachenNon
70%
Cliquez sur les capitales Africaines.Dar es SalaamNon
70%
Cliquez sur les villes bordant la mer Adriatique.FlorenceNon
70%
Cliquez sur les villes traversées par le DanubeVienneOui
70%
Cliquez sur les villes traversées par le DanubeBudapestOui
69%
Cliquez sur les villes d'Australie.DarwinOui
69%
Cliquez sur les villes ayant accueilli une finale de coupe du monde de football.San FranciscoNon
69%
Cliquez sur les villes d'Australie.GalwayNon
67%
Cliquez sur les agglomérations plus peuplées que celle de New-York.IstanbulNon
67%
Cliquez sur les villes bordant la mer Adriatique.SarajevoNon
67%
Cliquez sur les villes bordant la mer Adriatique.SplitOui
67%
Cliquez sur les villes d'Australie.AucklandNon
66%
Cliquez sur les capitales Africaines.KampalaOui
66%
Cliquez sur les capitales Africaines.AbidjanNon
64%
Cliquez sur les capitales Africaines.LusakaOui
64%
Cliquez sur les villes bordant la mer Adriatique.DubrovnikOui
63%
Cliquez sur les logos de football des villes Anglaises.Oui
61%
Cliquez sur les villes Hollandaises.AlkmaarOui
61%
Cliquez sur les agglomérations plus peuplées que celle de New-York.LagosOui
61%
Cliquez sur les villes traversées par le DanubeSalzbourgNon
61%
Cliquez sur les villes traversées par le DanubeMunichNon
59%
Cliquez sur les villes traversées par le DanubeBratislavaOui
58%
Cliquez sur les logos de football des villes Anglaises.Non
56%
Cliquez sur les villes Hollandaises.ZwolleOui
55%
Cliquez sur les villes ayant accueilli une finale de coupe du monde de football.BarceloneNon
53%
Cliquez sur les villes traversées par le DanubeSofiaNon
53%
Cliquez sur les villes ayant accueilli une finale de coupe du monde de football.StockholmOui
53%
Cliquez sur les agglomérations plus peuplées que celle de New-York.BangkokNon
52%
Cliquez sur les villes traversées par le DanubeBelgradeOui
52%
Cliquez sur les villes Marocaines.OujdaOui
52%
Cliquez sur les villes bordant la mer Adriatique.BariOui
50%
Cliquez sur les villes traversées par le DanubeBucarestNon
48%
Cliquez sur les villes ayant accueilli une finale de coupe du monde de football.Le CapNon
48%
Cliquez sur les agglomérations plus peuplées que celle de New-York.Le CaireOui
47%
Cliquez sur la ville la plus a l'Ouest.Saint-MaloOui
47%
Cliquez sur les villes bordant la mer Adriatique.ZagrebNon
47%
Cliquez sur les villes ayant accueilli une finale de coupe du monde de football.SéoulNon
45%
Cliquez sur les villes ayant accueilli une finale de coupe du monde de football.TokyoNon
45%
Cliquez sur les villes Hollandaises.BredaOui
44%
Cliquez sur les villes Marocaines.TétouanOui
44%
Cliquez sur les agglomérations plus peuplées que celle de New-York.SéoulOui
42%
Cliquez sur les villes ayant accueilli une finale de coupe du monde de football.SantiagoOui
36%
Cliquez sur les villes ayant accueilli une finale de coupe du monde de football.BerneOui
33%
Cliquez sur les villes d'Australie.NewcastleOui
27%
Cliquez sur les villes bordant la mer Adriatique.TiranaNon
27%
Cliquez sur les agglomérations plus peuplées que celle de New-York.MexicoNon
25%
Cliquez sur les villes Hollandaises.TilbourgOui
25%
Cliquez sur les villes bordant la mer Adriatique.LecceOui
22%
Cliquez sur les villes d'Australie.BendigoOui
20%
Cliquez sur les villes traversées par le DanubeNovi SadOui
20%

Distribution des résultats

Percentile par nombre de réponses

% des personnes avec chaque résultat

Votre développement - résultats

Vous n’avez pas pris ce quiz